| 000 | 01100nam a2200289Ia 4500 | ||
|---|---|---|---|
| 001 | ebr10621350 | ||
| 003 | CaPaEBR | ||
| 006 | m u | ||
| 007 | cr cn||||||||| | ||
| 008 | 111128s2013 maua s 001 0 eng d | ||
| 020 | _z9781435460799 | ||
| 020 | _z9781435460805 | ||
| 040 |
_aCaPaEBR _cCaPaEBR |
||
| 035 | _a(OCoLC)818900756 | ||
| 050 | 1 | 4 |
_aQA76.76.H94 _bG67 2013eb |
| 100 | 1 | _aGosselin, Don. | |
| 245 | 1 | 0 |
_aDeveloping web pages with jQuery _h[electronic resource] / _cDon Gosselin. |
| 260 |
_aBoston : _bCengage Learning, _cc2013. |
||
| 300 |
_axiv, 333 p. : _bill. |
||
| 500 | _aIncludes index. | ||
| 533 |
_aElectronic reproduction. _bPalo Alto, Calif. : _cebrary, _d2011. _nAvailable via World Wide Web. _nAccess may be limited to ebrary affiliated libraries. |
||
| 650 | 0 |
_aWeb site development _xComputer programs. |
|
| 650 | 0 | _aJavaScript (Computer program language) | |
| 655 | 7 |
_aElectronic books. _2local |
|
| 710 | 2 | _aebrary, Inc. | |
| 856 | 4 | 0 |
_uhttp://site.ebrary.com/lib/rucke/Doc?id=10621350 _zAn electronic book accessible through the World Wide Web; click to view |
| 999 |
_c56820 _d56820 |
||